000 00383 a2200097 4500
082 _a363.125 HAR
100 _aHarwood, Douglas W.
245 _aNCHRP Web only Document 129: Phases III Pedestrian Safety Prediction Methodology /
_cDouglas W. Harwood...[et al]
260 _aUSA :
_bNational Cooperative Highway Research Program,
_c2008
300 _aiii, 70p. ;
_bill. ;
_c30 cm
650 _aPedestrian Safety Prediction
999 _c2210
_d2210